[Event "Santander Departamental-ch"]
[Site "Santander"]
[Date "2013.11.30"]
[Round "5"]
[White "Martinez, Juan Cristobal"]
[Black "Penas Burgos, Nestor"]
[Result "0-1"]
[WhiteElo "1903"]
[BlackElo "1767"]
[PlyCount "60"]
[EventDate "2013.11.28"]
[EventType "swiss"]
[EventRounds "8"]
[EventCountry "COL"]
[SourceTitle "CBM 157 Extra"]
[Source "ChessBase"]
[SourceDate "2013.12.19"]
[SourceVersion "1"]
[SourceVersionDate "2013.12.19"]
[SourceQuality "1"]

1. d4 Nf6 2. c4 g6 3. Nc3 Bg7 4. e4 d6 5. f3 Nbd7 6. Be3 c6 7. Qd2 e5 8. Nge2 a5 9. 0-0-0 a4 10. a3 0-0 11. h4 h5 12. Bg5 Qa5 13. g4 Re8 14. gxh5 Nxh5 15. Bh3 exd4 16. Nxd4 Nc5 17. Kb1 Bxh3 18. Rxh3 Nb3 19. Nxb3 axb3 20. Ne2 Qe5 21. Be3 Qe6 22. Rhh1 Qxc4 23. Rc1 Qa6 24. Bd4 Bf8 25. Nf4 Nxf4 26. Qxf4 Qd3+ 27. Ka1 Qxd4 28. Rcd1 Rxa3+ 29. Kb1 Qc4 30. Rh2 Ra2 0-1

[Event "COL-ch Seniors"]
[Site "Bucaramanga"]
[Date "2013.09.27"]
[Round "3"]
[White "Martinez, Juan Cristobal"]
[Black "Pena Mora, Carlos"]
[Result "1-0"]
[WhiteElo "1836"]
[BlackElo "1664"]
[PlyCount "104"]
[EventDate "2013.09.26"]
[EventType "swiss"]
[EventRounds "7"]
[EventCountry "COL"]
[SourceTitle "CBM 156 Extra"]
[Source "ChessBase"]
[SourceDate "2013.10.22"]
[SourceVersion "1"]
[SourceVersionDate "2013.10.22"]
[SourceQuality "1"]

1. d4 d5 2. c4 c6 3. Nf3 Nf6 4. Nc3 a6 5. cxd5 cxd5 6. Bf4 Nc6 7. e3 e6 8. h3 Bd6 9. Bxd6 Qxd6 10. a3 Ne4 11. Nxe4 dxe4 12. Nd2 f5 13. Nc4 Qc7 14. Rc1 0-0 15. f4 Qd8 16. Qd2 Bd7 17. g3 Rc8 18. Rc3 Ne7 19. Ne5 Nd5 20. Rxc8 Qxc8 21. Bc4 b5 22. Bxd5 exd5 23. Kf2 Qb7 24. Rc1 Rc8 25. b4 Rxc1 26. Qxc1 Bc8 27. Qc5 h6 28. h4 h5 29. Ke2 Kh7 30. Kd2 Kg8 31. Qd6 Kh7 32. Qc6 a5 33. Qe8 axb4 34. Qxh5+ Kg8 35. axb4 Qa8 36. Qf7+ Kh8 37. Qc7 Qa2+ 38. Qc2 Qa1 39. h5 Qg1 40. Qxc8+ Kh7 41. Qxf5+ Kg8 42. Qg4 Qf2+ 43. Qe2 Qxg3 44. h6 gxh6 45. Qg4+ Qxg4 46. Nxg4 Kg7 47. Ke2 Kg6 48. Kf2 h5 49. Ne5+ Kf5 50. Nc6 h4 51. Na7 Kg4 52. Nxb5 h3 1-0

[Event "COL-ch Seniors"]
[Site "Bucaramanga"]
[Date "2013.09.26"]
[Round "1"]
[White "Martinez, Juan Cristobal"]
[Black "Gutierrez Herrera, Jose Antonio"]
[Result "1/2-1/2"]
[WhiteElo "1836"]
[BlackElo "2204"]
[PlyCount "110"]
[EventDate "2013.09.26"]
[EventType "swiss"]
[EventRounds "7"]
[EventCountry "COL"]
[SourceTitle "CBM 156 Extra"]
[Source "ChessBase"]
[SourceDate "2013.10.22"]
[SourceVersion "1"]
[SourceVersionDate "2013.10.22"]
[SourceQuality "1"]

1. d4 Nf6 2. c4 c5 3. Nf3 e6 4. Nc3 cxd4 5. Nxd4 Nc6 6. e3 a6 7. Be2 Be7 8. a3 0-0 9. 0-0 Ne5 10. f4 Ng6 11. e4 d6 12. Kh1 Qc7 13. Qd3 Rd8 14. Qg3 Kh8 15. f5 Ne5 16. b3 Nc6 17. Be3 Nxd4 18. Bxd4 Qc6 19. Bf3 e5 20. Bg1 b5 21. Nd5 Nxd5 22. cxd5 Qb7 23. Rac1 Bd7 24. Qf2 Rdc8 25. Qb2 Rxc1 26. Rxc1 Rc8 27. Be3 Bd8 28. Rc2 Bb6 29. Bxb6 Rxc2 30. Qxc2 Qxb6 31. h3 Qc5 32. Qxc5 dxc5 33. Kg1 Kg8 34. Kf2 Kf8 35. Ke3 Ke7 36. Kd3 Kd6 37. Kc3 a5 38. Bd1 Bc8 39. Be2 Bd7 40. Bd1 Bc8 41. Be2 b4+ 42. axb4 cxb4+ 43. Kc2 Kc5 44. g4 f6 45. Kd2 Bd7 46. Kc2 Kd4 47. Ba6 a4 48. bxa4 Bxa4+ 49. Kb2 Kc5 50. Bc8 Bd1 51. Ba6 Bf3 52. Bd3 h6 53. Kc2 Bg2 54. Kd2 Bxh3 55. Be2 b3 1/2-1/2

[Event "Bucaramanga Feria op 2nd"]
[Site "Bucaramanga"]
[Date "2013.09.21"]
[Round "5"]
[White "Martinez, Juan Cristobal"]
[Black "Guerra Verano, Diana"]
[Result "1-0"]
[WhiteElo "1836"]
[BlackElo "1568"]
[PlyCount "44"]
[EventDate "2013.09.20"]
[EventType "swiss"]
[EventRounds "7"]
[EventCountry "COL"]
[SourceTitle "CBM 156 Extra"]
[Source "ChessBase"]
[SourceDate "2013.10.22"]
[SourceVersion "1"]
[SourceVersionDate "2013.10.22"]
[SourceQuality "1"]

1. d4 Nf6 2. c4 e6 3. Nc3 Bb4 4. Qc2 c6 5. a3 Ba5 6. b4 Bc7 7. Bg5 d5 8. cxd5 cxd5 9. e3 a6 10. Nf3 Nbd7 11. Bd3 b6 12. Rc1 Bb7 13. 0-0 Bd6 14. Na4 Be7 15. Bf4 b5 16. Nc5 Rc8 17. Nxb7 Rxc2 18. Nxd8 Rxc1 19. Rxc1 Bxd8 20. Rc6 0-0 21. Rxa6 Nb6 22. Bxb5 Ne4 1-0

[Event "Bucaramanga Santander"]
[Site "Bucaramanga"]
[Date "2012.01.22"]
[Round "9"]
[White "Ramirez Reyes, Jaime Orlando"]
[Black "Martinez, Juan Cristobal"]
[Result "0-1"]
[WhiteElo "1549"]
[BlackElo "1867"]
[PlyCount "44"]
[EventDate "2012.01.18"]
[EventType "tourn"]
[EventRounds "9"]
[EventCountry "COL"]
[SourceTitle "EXT 2013"]
[Source "ChessBase"]
[SourceDate "2012.11.22"]
[SourceVersion "1"]
[SourceVersionDate "2012.11.22"]
[SourceQuality "1"]

1. d4 Nf6 2. c4 g6 3. Nc3 Bg7 4. h3 0-0 5. Bg5 d6 6. Bxf6 Bxf6 7. e3 c5 8. Nf3 Nc6 9. dxc5 Qa5 10. Qd2 Qxc5 11. Nd5 Bg7 12. a3 a5 13. Be2 Be6 14. Nc7 Rac8 15. Nxe6 fxe6 16. 0-0 a4 17. Ng5 Qxg5 18. Rac1 Na5 19. Qb4 Nb3 20. Rc2 Nc5 21. Bg4 h5 22. Bf3 Rxf3 0-1

[Event "Bucaramanga Santander"]
[Site "Bucaramanga"]
[Date "2012.01.20"]
[Round "5"]
[White "Estevez Ramirez, Gloria Marcela"]
[Black "Martinez, Juan Cristobal"]
[Result "0-1"]
[WhiteElo "1520"]
[BlackElo "1867"]
[PlyCount "66"]
[EventDate "2012.01.18"]
[EventType "tourn"]
[EventRounds "9"]
[EventCountry "COL"]
[SourceTitle "EXT 2013"]
[Source "ChessBase"]
[SourceDate "2012.11.22"]
[SourceVersion "1"]
[SourceVersionDate "2012.11.22"]
[SourceQuality "1"]

1. e4 c5 2. Nc3 Nc6 3. d3 g6 4. Be2 Bg7 5. Nf3 d6 6. 0-0 a6 7. a4 e6 8. Be3 Nge7 9. Qd2 Qb6 10. b3 Qb4 11. Bf4 Qxc3 12. Rab1 Qxd2 13. Nxd2 d5 14. exd5 exd5 15. h3 0-0 16. c3 Bxc3 17. Nf3 Nf5 18. Ng5 Nfd4 19. Bd1 Re8 20. Rc1 Bb4 21. Bg4 Bxg4 22. hxg4 Ne2+ 23. Kh2 Nxf4 24. g3 Nxd3 25. Rcd1 c4 26. f4 Re2+ 27. Kg1 Bc5+ 28. Kh1 Nf2+ 29. Kg2 Nxd1+ 30. Kf3 Rae8 31. Ne6 R8xe6 32. g5 f5 33. g4 R6e3# 0-1